U.S. Cities Where Uber Drivers Make The Most Money - Statistics

General Stats
  • This quiz has been taken 47 times
  • The average score is 21 of 25
Answer Stats
Answer $/hr % Correct
Los Angeles $16.93
98%
New York City $20.40
98%
Bay Area $23.17
95%
Houston $14.09
95%
Seattle $18.65
95%
Boston $18.85
93%
Chicago $17.14
90%
Miami $13.55
90%
Orlando $12.73
90%
Philadelphia $15.65
90%
Portland $16.32
90%
Dallas $13.75
88%
San Diego $15.68
88%
Washington D.C. $15.21
88%
Atlanta $15.52
83%
Phoenix $14.76
83%
Las Vegas $15.12
80%
Pittsburgh $16.50
78%
Denver $15.89
73%
Nashville $13.75
73%
Tampa Bay $12.50
70%
Charlotte $10.00
68%
Cleveland $15.83
68%
Sacramento $16.79
68%
Salt Lake City $14.09
48%
No matching quizzes found
Score Distribution
Percent of People with Each Score
Percentile by Number Answered
Your Score History
You have not taken this quiz